=LDR 00000nam 2200000 4500 =001 INLIS000000000017194 =005 20130612112359 =008 ***********************************Ind** =035 ##$$0010-061300000017194 =041 ##$$a Ind =082 ##$$a 635.934 15 =090 ##$$a 635.934 15, Set u =100 ##$$a Setiawan, Herman =245 ##$$a Usaha pembesaran anggrek, Herman Setiawan =260 ##$$a 2005 $b Jakarta =300 ##$$a viii, 88 hlm, ilus, 21 cm =650 ##$$a Anggrek =850 ##$$a NBPNMAT